Personálny manažment a práca s ľuďmi diplomová práca

Guardado en:
Detalles Bibliográficos
Autor principal: Sorokopudová, Júlia
Autor Corporativo: Národohospodárska fakulta EU. Katedra sociálneho rozvoja a práce
Otros Autores: Antalová, Mária, 1952-
Formato: Libro
Lenguaje:eslovaco
Publicado: Bratislava 2010
Etiquetas: Agregar Etiqueta
Sin Etiquetas, Sea el primero en etiquetar este registro!

MARC

LEADER 00000nam a2200000 4500
001 0118427
005 20240318123037.6
041 0 |a slo 
044 |a SK 
245 1 0 |a Personálny manažment a práca s ľuďmi  |b diplomová práca  |c Júlia Sorokopudová ; škol. Mária Antalová 
264 1 |a Bratislava  |c 2010 
300 |a 63 s. 
100 1 |a Sorokopudová, Júlia 
700 1 |a Antalová, Mária, 1952- 
710 2 |a Národohospodárska fakulta EU. Katedra sociálneho rozvoja a práce